Złota piłka top 5+ - Statystyki

Ogólne statystyki
  • Ten quiz został rozwiązany 161 razy
    58 od ostatniego zresetowania
  • Średni wynik to 182 z 396
Statystyki odpowiedzi
Klub Miejsce Zawodnik % Poprawnych
Manchester United 2 Cristiano Ronaldo
100%
Manchester United 1 Cristiano Ronaldo
100%
Real Madryt 2 Cristiano Ronaldo
100%
Real Madryt 2 Cristiano Ronaldo
100%
Real Madryt 2 Cristiano Ronaldo
100%
Real Madryt 1 Cristiano Ronaldo
100%
Real Madryt 1 Cristiano Ronaldo
100%
Real Madryt 2 Cristiano Ronaldo
100%
Real Madryt 1 Cristiano Ronaldo
100%
Real Madryt 1 Cristiano Ronaldo
100%
Juventus 2 Cristiano Ronaldo
100%
Juventus 3 Cristiano Ronaldo
100%
Barcelona 3 Lionel Messi
100%
Barcelona 2 Lionel Messi
100%
Barcelona 1 Lionel Messi
100%
Barcelona 1 Lionel Messi
100%
Barcelona 1 Lionel Messi
100%
Barcelona 1 Lionel Messi
100%
Barcelona 2 Lionel Messi
100%
Barcelona 2 Lionel Messi
100%
Barcelona 1 Lionel Messi
100%
Barcelona 2 Lionel Messi
100%
Barcelona 2 Lionel Messi
100%
Barcelona 5 Lionel Messi
100%
Barcelona 1 Lionel Messi
100%
PSG 1 Lionel Messi
100%
Inter Miami 1 Lionel Messi
100%
Bayern 4 Robert Lewandowski
100%
Bayern 2 Robert Lewandowski
100%
Barcelona 4 Robert Lewandowski
100%
Barcelona 17 Robert Lewandowski
100%
Barcelona 2 Ronaldo
100%
Inter Mediolan 1 Ronaldo
100%
Inter Mediolan 3 Ronaldo
100%
Real Madryt 1 Ronaldo
100%
PSG 4 Kylian Mbappé
92%
PSG 3 Kylian Mbappé
92%
PSG 6 Kylian Mbappé
92%
Real Madryt 7 Kylian Mbappé
92%
Barcelona 4 Andrés Iniesta
88%
Barcelona 2 Andrés Iniesta
88%
Barcelona 4 Andrés Iniesta
88%
Barcelona 3 Andrés Iniesta
88%
Barcelona 4 Luis Suárez
88%
Barcelona 1 Luis Suárez
88%
Inter Mediolan 2 Luis Suárez
88%
Inter Mediolan 2 Luis Suárez
88%
Inter Mediolan 3 Luis Suárez
88%
Barcelona 5 Luis Suárez
88%
Barcelona 4 Luis Suárez
88%
PSG 1 Ousmane Dembélé
88%
Manchester City 5 Rodri
88%
Manchester City 1 Rodri
88%
Barcelona 3 Ronaldinho
88%
Barcelona 1 Ronaldinho
88%
Barcelona 4 Ronaldinho
88%
Barcelona 5 Xavi
88%
Barcelona 3 Xavi
88%
Barcelona 3 Xavi
88%
Barcelona 3 Xavi
88%
Barcelona 4 Xavi
88%
Manchester City 2 Erling Haaland
84%
Manchester City 5 Erling Haaland
84%
Manchester City 26 Erling Haaland
84%
Barcelona 8 Lamine Yamal
84%
Barcelona 2 Lamine Yamal
84%
Barcelona 5 Neymar
84%
Barcelona 3 Neymar
84%
Barcelona 5 Neymar
84%
PSG 3 Neymar
84%
Real Madryt 5 Luka Modrić
80%
Real Madryt 1 Luka Modrić
80%
Liverpool 5 Mohamed Salah
80%
Liverpool 5 Mohamed Salah
80%
Liverpool 4 Mohamed Salah
80%
Liverpool 2 Virgil Van Dijk
80%
Liverpool 28 Virgil Van Dijk
80%
Juventus 3 Zinédine Zidane
80%
Juventus 1 Zinédine Zidane
80%
Juventus 2 Zinédine Zidane
80%
Real Madryt 4 Zinédine Zidane
80%
Real Madryt 5 Zinédine Zidane
80%
Juventus 5 Zinédine Zidane
80%
Atlético Madryt 3 Antoine Griezmann
76%
Atlético Madryt 3 Antoine Griezmann
76%
Bayern 10 Harry Kane
76%
Bayern 13 Harry Kane
76%
A.C. Milan 1 Kaká
76%
Real Madryt 4 Karim Benzema
76%
Real Madryt 1 Karim Benzema
76%
Manchester City 3 Kevin De Bruyne
76%
Manchester City 4 Kevin De Bruyne
76%
Bayern 3 Manuel Neuer
76%
Barcelona 11 Pedri
76%
Liverpool 4 Sadio Mané
76%
Bayern 2 Sadio Mané
76%
PSG 27 Vitinha
76%
PSG 3 Vitinha
76%
PSG 6 Achraf Hakimi
72%
Bayern 3 Franck Ribéry
72%
Real Madryt 3 Jude Bellingham
72%
Real Madryt 23 Jude Bellingham
72%
Barcelona 5 Raphinha
72%
Arsenal 4 Thierry Henry
72%
Arsenal 2 Thierry Henry
72%
Arsenal 4 Thierry Henry
72%
Arsenal 4 Thierry Henry
72%
Arsenal 3 Thierry Henry
72%
A.C. Milan 3 Andrij Szewczenko
68%
A.C. Milan 3 Andrij Szewczenko
68%
A.C. Milan 4 Andrij Szewczenko
68%
A.C. Milan 1 Andrij Szewczenko
68%
A.C. Milan 5 Andrij Szewczenko
68%
Bayern 4 Arjen Robben
68%
Bayern 3 Gerd Müller
68%
Bayern 1 Gerd Müller
68%
Bayern 2 Gerd Müller
68%
Bayern 3 Gerd Müller
68%
Dinamo Moskwa 5 Lew Jaszyn
68%
Dinamo Moskwa 5 Lew Jaszyn
68%
Dinamo Moskwa 4 Lew Jaszyn
68%
Dinamo Moskwa 1 Lew Jaszyn
68%
Barcelona 5 Luís Figo
68%
Real Madryt 1 Luís Figo
68%
Bayern 5 Thomas Müller
68%
Real Madryt 2 Alfredo Di Stéfano
64%
Real Madryt 1 Alfredo Di Stéfano
64%
Real Madryt 1 Alfredo Di Stéfano
64%
Real Madryt 4 Alfredo Di Stéfano
64%
Arsenal 21 Bukayo Saka
64%
Chelsea 25 Cole Palmer
64%
Chelsea 8 Cole Palmer
64%
Real Madryt 1 Fabio Cannavaro
64%
Liverpool 3 Fernando Torres
64%
Juventus 2 Gianluigi Buffon
64%
Juventus 4 Gianluigi Buffon
64%
A.C. Milan 1 Marco Van Basten
64%
A.C. Milan 1 Marco Van Basten
64%
A.C. Milan 1 Marco Van Basten
64%
A.C. Milan 3 Paolo Maldini
64%
A.C. Milan 3 Paolo Maldini
64%
Real Madryt 2 Raúl
64%
PSG 4 Zlatan Ibrahimović
64%
Real Madryt 4 Dani Carvajal
60%
Chelsea 4 Didier Drogba
60%
Aston Villa 18 Emiliano Martínez
60%
Inter Mediolan 7 Lautaro Martínez
60%
Inter Mediolan 20 Lautaro Martínez
60%
Chelsea 5 N’Golo Kanté
60%
Bayern 3 Oliver Kahn
60%
Bayern 3 Oliver Kahn
60%
Manchester United 5 Wayne Rooney
60%
Bayer Leverkusen 12 Florian Wirtz
56%
Bayer Leverkusen 29 Florian Wirtz
56%
Chelsea 2 Frank Lampard
56%
Cagliari 2 Luigi Riva
56%
Cagliari 3 Luigi Riva
56%
Liverpool 3 Steven Gerrard
56%
Real Madryt 9 Toni Kroos
56%
A.C. Milan 5 Andrea Pirlo
52%
PSG 14 Désiré Doué
52%
Chelsea 3 Jorginho
52%
Liverpool 4 Michael Owen
52%
Liverpool 1 Michael Owen
52%
Juventus 1 Pavel Nedvěd
52%
Barcelona 5 Rivaldo
52%
Barcelona 1 Rivaldo
52%
Barcelona 5 Rivaldo
52%
Real Madryt 16 Vinícius Júnior
52%
Manchester United 2 David Beckham
48%
Manchester United 4 David Beckham
48%
AS Roma 5 Francesco Totti
48%
PSG 19 João Neves
48%
AS Nancy 5 Michel Platini
48%
AS Nancy 3 Michel Platini
48%
AS Saint-Étienne 5 Michel Platini
48%
AS Saint-Étienne 3 Michel Platini
48%
AS Saint-Étienne 4 Michel Platini
48%
Juventus 1 Michel Platini
48%
Juventus 1 Michel Platini
48%
Juventus 1 Michel Platini
48%
PSG 10 Nuno Mendes
48%
A.C. Milan 1 Ruud Gullit
48%
A.C. Milan 2 Ruud Gullit
48%
Sporting CP 15 Viktor Gyökeres
48%
Real Madryt 2 Vinícius Júnior
48%
Atlético Madryt 5 Diego Forlan
44%
A.C. Milan 1 George Weah
44%
Real Madryt 4 Iker Casillas
44%
Manchester City 11 Phil Foden
44%
Real Madryt 5 Roberto Carlos
44%
Real Madryt 2 Roberto Carlos
44%
Atalanta 14 Ademola Lookman
40%
Bayer Leverkusen 28 Álex Grimaldo
40%
Barcelona 2 Christo Stoiczkow
40%
Barcelona 1 Christo Stoiczkow
40%
Arsenal 26 Declan Rice
40%
Arsenal 27 Declan Rice
40%
PSG 9 Gianluigi Donnarumma
40%
Bayer Leverkusen 16 Granit Xhaka
40%
Athletic Bilbao 15 Nico Williams
40%
Juventus 1 Roberto Baggio
40%
Juventus 2 Roberto Baggio
40%
Inter Mediolan 5 Samuel Eto’o
40%
Juventus 4 Alessandro Del Piero
36%
Juventus 4 Alessandro Del Piero
36%
Girona 29 Artem Dovbyk
36%
Barcelona 2 Deco
36%
Real Madryt 17 Federico Valverde
36%
Budapest Honvéd 4 Ferenc Puskás
36%
Real Madryt 2 Ferenc Puskás
36%
Real Madryt 5 Ferenc Puskás
36%
Arsenal 19 Martin Ødegaard
36%
Borussia Dortmund 1 Matthias Sammer
36%
Bayern 30 Michael Olise
36%
Inter Mediolan 4 Wesley Sneijder
36%
Arsenal 24 William Saliba
36%
Real Madryt 22 Antonio Rüdiger
32%
Manchester United 5 Bobby Charlton
32%
Manchester United 1 Bobby Charlton
32%
Manchester United 2 Bobby Charlton
32%
Manchester United 2 Bobby Charlton
32%
Inter Mediolan 25 Denzel Dumfries
32%
Benfica 2 Eusébio
32%
Benfica 5 Eusébio
32%
Benfica 4 Eusébio
32%
Benfica 1 Eusébio
32%
Benfica 2 Eusébio
32%
Benfica 5 Eusébio
32%
Bayern 3 Franz Beckenbauer
32%
Bayern 4 Franz Beckenbauer
32%
Bayern 4 Franz Beckenbauer
32%
Bayern 4 Franz Beckenbauer
32%
Bayern 5 Franz Beckenbauer
32%
Bayern 1 Franz Beckenbauer
32%
Bayern 4 Franz Beckenbauer
32%
Bayern 2 Franz Beckenbauer
32%
Bayern 2 Franz Beckenbauer
32%
Bayern 1 Franz Beckenbauer
32%
Legia Warszawa 3 Kazimierz Deyna
32%
Liverpool 4 Kevin Keegan
32%
Hamburger SV 2 Kevin Keegan
32%
Hamburger SV 1 Kevin Keegan
32%
Hamburger SV 1 Kevin Keegan
32%
Atlético Madryt 5 Radamel Falcao
32%
Manchester City 23 Rúben Dias
32%
Newcastle United 3 Alan Shearer
28%
Lazio 5 Alessandro Nesta
28%
Liverpool 22 Alexis Mac Allister
28%
Real Madryt 3 Emilio Butragueño
28%
Real Madryt 3 Emilio Butragueño
28%
Inter Mediolan 20 Hakan Çalhanoğlu
28%
PSG 12 Khvicha Kvaratskhelia
28%
Napoli 18 Scott McTominay
28%
Borussia Dortmund 21 Serhou Guirassy
28%
Blackpool 1 Stanley Matthews
28%
RB Lipsk 13 Dani Olmo
24%
Manchester United 4 Denis Law
24%
Manchester United 1 Denis Law
24%
Ajax 3 Dennis Bergkamp
24%
Inter Mediolan 2 Dennis Bergkamp
24%
Arsenal 4 Dennis Bergkamp
24%
Manchester United 3 Éric Cantona
24%
A.C. Milan 2 Franco Baresi
24%
A.C. Milan 5 Franco Baresi
24%
A.C. Milan 3 Frank Rijkaard
24%
A.C. Milan 3 Frank Rijkaard
24%
Fiorentina 4 Gabriel Batistuta
24%
Manchester United 1 George Best
24%
Manchester United 3 George Best
24%
A.C. Milan 2 Gianni Rivera
24%
A.C. Milan 1 Gianni Rivera
24%
Olympique Marsylia 1 Jean-Pierre Papin
24%
Dukla Praga 1 Josef Masopust
24%
Bayern 2 Karl-Heinz Rummenigge
24%
Bayern 1 Karl-Heinz Rummenigge
24%
Bayern 1 Karl-Heinz Rummenigge
24%
Bayern 4 Karl-Heinz Rummenigge
24%
Bayern 5 Karl-Heinz Rummenigge
24%
Inter Mediolan 4 Lothar Matthäus
24%
Inter Mediolan 1 Lothar Matthäus
24%
Inter Mediolan 2 Lothar Matthäus
24%
Borussia Dortmund 29 Mats Hummels
24%
Vicenza 5 Paolo Rossi
24%
Juventus 1 Paolo Rossi
24%
Real Madryt 3 Raymond Kopa
24%
Real Madryt 3 Raymond Kopa
24%
Real Madryt 1 Raymond Kopa
24%
Real Madryt 2 Raymond Kopa
24%
PSV 5 Ronald Koeman
24%
Juventus 3 Zbigniew Boniek
24%
West Ham 4 Bobby Moore
20%
West Ham 2 Bobby Moore
20%
PSG 24 Fabián Ruiz
20%
Ajax 4 Johan Cruijff
20%
Ajax 1 Johan Cruijff
20%
Ajax 4 Johan Cruijff
20%
Barcelona 1 Johan Cruijff
20%
Barcelona 1 Johan Cruijff
20%
Barcelona 3 Johan Cruijff
20%
Barcelona 5 Johan Cruijff
20%
Dynamo Kijów 1 Ołeh Błochin
20%
Dynamo Kijów 5 Ołeh Błochin
20%
Real Madryt 2 Davor Šuker
16%
Ferencvárosi 5 Flórián Albert
16%
Ferencvárosi 1 Flórián Albert
16%
Barcelona 2 Gary Lineker
16%
Barcelona 5 Gary Lineker
16%
Barcelona 4 Gheorghe Hagi
16%
Liverpool 4 Ian Rush
16%
Ajax 3 Jari Litmanen
16%
Bayern 2 Jürgen Klinsmann
16%
Bayern 5 Jürgen Klinsmann
16%
Liverpool 2 Kenny Dalglish
16%
Bayern 5 Michael Ballack
16%
Juventus 1 Omar Sívori
16%
Ajax 5 Patrick Kluivert
16%
Real Madryt 3 Amancio
12%
Barcelona 2 Bernd Schuster
12%
Barcelona 3 Bernd Schuster
12%
Barcelona 3 Bernd Schuster
12%
AS Roma 5 Bruno Conti
12%
Inter Mediolan 2 Giacinto Facchetti
12%
Inter Mediolan 5 Giacinto Facchetti
12%
Tottenham 3 Jimmy Greaves
12%
Juventus 4 Michael Laudrup
12%
Barcelona 5 Michael Laudrup
12%
Real Madryt 4 Paul Breitner
12%
Bayern 2 Paul Breitner
12%
Atlético Madryt 2 Paulo Futre
12%
Bayern 5 Sepp Maier
12%
Girondins Bordeaux 2 Alain Giresse
8%
Borussia Mönchengladbach 1 Allan Simonsen
8%
Vejle BK 3 Allan Simonsen
8%
Inter Mediolan 3 Andreas Brehme
8%
Wolverhampton 2 Billy Wright
8%
Juventus 2 Dino Zoff
8%
Dynamo Kijów 1 Ihor Biełanow
8%
Stade Reims 3 Just Fontaine
8%
Barcelona 5 Ladislao Kubala
8%
Manchester United 5 Peter Schmeichel
8%
Real Madryt 2 Predrag Mijatović
8%
Inter Mediolan 2 Sandro Mazzola
8%
Parma 4 Tomas Brolin
8%
Örgryte IS 5 Agne Simonsson
4%
Lazio 4 Alen Bokšić
4%
Borussia Mönchengladbach 4 Berti Vogts
4%
Leeds United 5 Billy Bremner
4%
Crvena Zvezda 2 Darko Panczew
4%
Crvena Zvezda 2 Dejan Savićević
4%
Crvena Zvezda 3 Dragan Džajić
4%
Crvena Zvezda 4 Dragoslav Šekularac
4%
Manchester United 3 Duncan Edwards
4%
Hamburger SV 5 Felix Magath
4%
Girondins Bordeaux 5 Fernando Chalana
4%
Aberdeen 4 Gordon Strachan
4%
Borussia Mönchengladbach 4 Günter Netzer
4%
Borussia Mönchengladbach 2 Günter Netzer
4%
Barcelona 2 Hans Krankl
4%
Rot-Weiss Essen 2 Helmut Rahn
4%
Dukla Praga 3 Ivo Viktor
4%
Club Brugge 5 Jan Ceulemans
4%
Girondins Bordeaux 2 Jean Tigana
4%
Celtic 3 Jimmy Johnstone
4%
Barcelona 5 Johan Neeskens
4%
Juventus 4 John Charles
4%
Juventus 3 John Charles
4%
Fulham 3 Johnny Haynes
4%
RSC Anderlecht 5 Joseph Jurion
4%
FC Köln 3 Karl-Heinz Schnellinger
4%
Fiorentina 4 Kurt Hamrin
4%
Hamburger SV 4 Manfred Kaltz
4%
Real Madryt 4 Manuel Amoros
4%
Real Madryt 4 Míchel
4%
Dynamo Kijów 4 Ołeksij Mychajłyczenko
4%
Feyenoord 4 Ove Kindvall
4%
Tottenham 4 Paul Gascoigne
4%
RSC Anderlecht 5 Paul Van Himst
4%
RSC Anderlecht 4 Paul Van Himst
4%
Derby County 5 Peter Shilton
4%
Ajax 5 Piet Keizer
4%
Hellas Verona 3 Preben Elkjaer
4%
Hellas Verona 2 Preben Elkjaer
4%
Hellas Verona 4 Preben Elkjaer
4%
Juventus 4 Roberto Bettega
4%
Juventus 4 Roberto Bettega
4%
Real Madryt 5 Robert Prosinečki
4%
RSC Anderlecht 2 Rob Rensenbrink
4%
RSC Anderlecht 3 Rob Rensenbrink
4%
Ajax 3 Ruud Krol
4%
Juventus 2 Salvatore Schillaci
4%
Bologna 5 Theodoros Zagorakis
4%
AS Roma 4 Thomas Häsler
4%
Hamburger SV 3 Uwe Seeler
4%
KSK Beveren 4 Wilfried Van Moer
4%
FC Köln 5 Wolfgang Overath
4%
Nie znaleziono quizów pasujących do podanych kryteriów
Rozkład punktacji
Procent ludzi z każdym wynikiem
Percentyl według liczby udzielonych odpowiedzi
Twoja historia wyników
Nie rozwiązałeś tego quizu od ostatniego zresetowania